[Event "Open Ille et Vilaine 2017"]
[Site "Rennes"]
[Date "2017.07.11"]
[Round "5.1"]
[White "Durand-Le Ludec, Brendan-Budok"]
[Black "Bailet, Pierre"]
[Result "0-1"]
[BlackElo "2525"]
[WhiteElo "2184"]
[LiveChessVersion "1.4.8"]

1. e4 {[%clk 1:25:26]} e5 {[%clk 1:29:28]} 2. Nf3 {[%clk 1:25:47]} Nc6
{[%clk 1:29:45]} 3. d4 {[%clk 1:26:11]} exd4 {[%clk 1:30:03]} 4. c3
{[%clk 1:26:35]} Nge7 {[%clk 1:29:24]} 5. cxd4 {[%clk 1:24:37]} d5
{[%clk 1:29:41]} 6. e5 {[%clk 1:24:50]} Bg4 {[%clk 1:28:33]} 7. Be2
{[%clk 1:24:24]} Nf5 {[%clk 1:26:56]} 8. Be3 {[%clk 1:20:22]} Bb4+
{[%clk 1:18:15]} 9. Nc3 {[%clk 1:20:24]} O-O {[%clk 1:18:35]} 10. O-O
{[%clk 1:18:55]} Ba5 11. h3 {[%clk 1:08:20]} Nxe3 {[%clk 1:11:42]} 12. fxe3
{[%clk 1:08:42]} Be6 {[%clk 1:12:06]} 13. Qd3 {[%clk 1:00:32]} f6
{[%clk 1:08:55]} 14. exf6 {[%clk 0:58:16]} Rxf6 {[%clk 1:01:19]} 15. e4
{[%clk 0:55:43]} Bb6 {[%clk 0:51:40]} 16. e5 {[%clk 0:50:55]} Rf4
{[%clk 0:49:33]} 17. Kh1 {[%clk 0:43:12]} Nxd4 {[%clk 0:48:48]} 18. Qd2
{[%clk 0:41:59]} Nxe2 {[%clk 0:46:01]} 19. Nxe2 {[%clk 0:41:31]} Re4
{[%clk 0:43:49]} 20. Nc3 {[%clk 0:35:02]} Re3 {[%clk 0:43:24]} 21. Nd1
{[%clk 0:33:22]} Re4 {[%clk 0:41:41]} 22. Nc3 {[%clk 0:33:32]} Ba5
{[%clk 0:39:36]} 23. Rae1 {[%clk 0:19:12]} Rxe1 {[%clk 0:37:10]} 24. Rxe1
{[%clk 0:19:35]} Qd7 {[%clk 0:33:39]} 25. Ng5 {[%clk 0:16:56]} h6
{[%clk 0:32:52]} 26. Nxe6 {[%clk 0:15:29]} Qxe6 {[%clk 0:33:14]} 27. Qd4
{[%clk 0:15:23]} c6 {[%clk 0:31:46]} 28. b4 {[%clk 0:15:16]} Bb6 {[%clk 0:31:35]}
29. Qd3 {[%clk 0:14:21]} Rf8 {[%clk 0:29:15]} 30. Na4 {[%clk 0:10:53]} Qf5
{[%clk 0:27:00]} 31. Qc3 {[%clk 0:09:58]} Bf2 {[%clk 0:24:22]} 32. Rf1
{[%clk 0:09:47]} Qe4 {[%clk 0:24:11]} 33. Rd1 {[%clk 0:05:03]} Qe2
{[%clk 0:22:05]} 34. Ra1 {[%clk 0:03:23]} Rf4 {[%clk 0:16:34]} 35. Qb3
{[%clk 0:01:01]} Be1 {[%clk 0:12:30]} 36. Kh2 {[%clk 0:00:50]} Qxe5
{[%clk 0:12:38]} 0-1

[Event "Open Ille et Vilaine 2017"]
[Site "Rennes"]
[Date "2017.07.11"]
[Round "5.2"]
[White "Wilschut, Peter"]
[Black "Cotonnec, Melkior"]
[Result "0-1"]
[BlackElo "2320"]
[WhiteElo "2259"]
[LiveChessVersion "1.4.8"]

1. e4 {[%clk 1:30:56]} Nc6 {[%clk 1:27:24]} 2. Nc3 {[%clk 1:30:30]} e5
{[%clk 1:26:52]} 3. g3 {[%clk 1:30:24]} Nf6 {[%clk 1:22:38]} 4. Bg2
{[%clk 1:29:20]} Bc5 {[%clk 1:21:35]} 5. d3 {[%clk 1:23:20]} a6 {[%clk 1:19:08]}
6. h3 {[%clk 1:19:31]} d6 {[%clk 1:05:42]} 7. Be3 {[%clk 0:59:22]} Be6
{[%clk 0:51:20]} 8. Nd5 {[%clk 0:57:38]} Bxe3 {[%clk 0:48:42]} 9. fxe3 Bxd5
{[%clk 0:49:07]} 10. exd5 {[%clk 0:58:00]} Ne7 {[%clk 0:46:57]} 11. e4
{[%clk 0:48:29]} c6 {[%clk 0:43:17]} 12. dxc6 {[%clk 0:41:21]} Nxc6
{[%clk 0:41:38]} 13. Qd2 {[%clk 0:36:28]} O-O {[%clk 0:33:52]} 14. Ne2
{[%clk 0:33:57]} Qb6 {[%clk 0:32:05]} 15. O-O-O {[%clk 0:34:15]} Rac8
{[%clk 0:31:12]} 16. Kb1 Nd4 {[%clk 0:31:38]} 17. Nxd4 {[%clk 0:33:35]} Qxd4 18.
g4 {[%clk 0:32:19]} b5 {[%clk 0:24:12]} 19. c3 {[%clk 0:26:42]} Qb6
{[%clk 0:23:56]} 20. Rhf1 {[%clk 0:25:26]} Nd7 {[%clk 0:15:24]} 21. h4
{[%clk 0:25:26]} Nc5 {[%clk 0:13:52]} 22. g5 {[%clk 0:25:32]} a5 {[%clk 0:13:56]}
23. d4 {[%clk 0:21:25]} Na4 {[%clk 0:06:58]} 24. Bh3 {[%clk 0:19:09]} Rcd8
{[%clk 0:06:08]} 25. Qc2 {[%clk 0:17:01]} Qc6 {[%clk 0:06:10]} 26. d5
{[%clk 0:12:38]} Qb6 {[%clk 0:04:33]} 27. h5 {[%clk 0:06:01]} Qe3
{[%clk 0:03:55]} 28. Qg2 {[%clk 0:05:56]} b4 {[%clk 0:03:06]} 29. Rde1
{[%clk 0:02:52]} Qd3+ {[%clk 0:03:01]} 30. Qc2 {[%clk 0:02:38]} Nxb2
{[%clk 0:01:58]} 31. cxb4 {[%clk 0:01:31]} Qxh3 {[%clk 0:01:57]} 32. Rh1
{[%clk 0:01:03]} Qf3 {[%clk 0:01:10]} 33. Ref1 {[%clk 0:00:43]} Qd3
{[%clk 0:00:47]} 34. Kxb2 {[%clk 0:00:54]} Qd4+ {[%clk 0:01:15]} 35. Qc3
{[%clk 0:00:31]} Qxe4 {[%clk 0:01:43]} 0-1

[Event "Open Ille et Vilaine 2017"]
[Site "Rennes"]
[Date "2017.07.11"]
[Round "5.3"]
[White "Stephan, Victor"]
[Black "Jackson, Thomas"]
[Result "1-0"]
[BlackElo "2043"]
[WhiteElo "2352"]
[LiveChessVersion "1.4.8"]

1. d4 {[%clk 1:18:22]} Nf6 {[%clk 1:30:53]} 2. c4 {[%clk 1:18:41]} e6
{[%clk 1:31:15]} 3. Nc3 {[%clk 1:19:06]} Bb4 {[%clk 1:31:40]} 4. e3
{[%clk 1:19:30]} c5 {[%clk 1:32:07]} 5. Nge2 {[%clk 1:18:51]} b6 {[%clk 1:32:30]}
6. a3 {[%clk 1:18:49]} Ba5 {[%clk 1:32:55]} 7. Rb1 {[%clk 1:19:12]} Na6
{[%clk 1:33:20]} 8. g3 Bb7 {[%clk 1:33:09]} 9. d5 {[%clk 1:12:32]} b5
{[%clk 1:33:02]} 10. Bg2 bxc4 {[%clk 1:32:58]} 11. e4 {[%clk 1:09:19]} exd5 12.
exd5 O-O {[%clk 1:32:34]} 13. O-O {[%clk 1:09:24]} d6 {[%clk 1:33:19]} 14. Qa4
Bb6 {[%clk 1:33:43]} 15. Qxc4 {[%clk 1:03:42]} Nc7 {[%clk 1:27:14]} 16. Rd1 Ba6
17. Qh4 {[%clk 0:54:17]} Re8 {[%clk 1:22:13]} 18. Be3 {[%clk 0:52:02]} Re5
{[%clk 1:20:48]} 19. Nc1 {[%clk 0:49:18]} Qe8 {[%clk 1:04:09]} 20. Nd3
{[%clk 0:42:31]} Rh5 {[%clk 0:49:31]} 21. Qf4 Ncxd5 {[%clk 0:48:35]} 22. Nxd5
{[%clk 0:37:12]} Nxd5 {[%clk 0:46:39]} 23. Qf3 {[%clk 0:36:55]} Nxe3
{[%clk 0:42:18]} 24. fxe3 {[%clk 0:36:52]} Rb8 {[%clk 0:33:23]} 25. Qxh5
{[%clk 0:33:17]} Qxe3+ {[%clk 0:34:02]} 26. Nf2 {[%clk 0:31:01]} Be2 27. Qf5 c4
{[%clk 0:30:57]} 28. Re1 {[%clk 0:29:48]} Bd3 29. Rxe3 Bxf5 {[%clk 0:30:35]} 30.
Rbe1 {[%clk 0:29:05]} Bxe3 {[%clk 0:30:59]} 31. Rxe3 {[%clk 0:29:27]} Be6 32. Re2
d5 {[%clk 0:29:16]} 33. Rd2 {[%clk 0:28:01]} Kf8 {[%clk 0:28:20]} 34. Nd1
{[%clk 0:26:55]} 1-0

[Event "Open Ille et Vilaine 2017"]
[Site "Rennes"]
[Date "2017.07.11"]
[Round "5.4"]
[White "Piankov, Evgenij"]
[Black "Damen, Igor"]
[Result "1-0"]
[BlackElo "1997"]
[WhiteElo "2249"]
[LiveChessVersion "1.4.8"]

1. d4 {[%clk 1:30:20]} d5 {[%clk 1:30:58]} 2. Bg5 {[%clk 1:30:34]} Bf5
{[%clk 1:30:44]} 3. e3 {[%clk 1:30:53]} c6 {[%clk 1:30:17]} 4. Bd3
{[%clk 1:31:07]} Bxd3 {[%clk 1:30:23]} 5. Qxd3 {[%clk 1:31:34]} Nd7
{[%clk 1:29:41]} 6. c4 {[%clk 1:31:39]} dxc4 {[%clk 1:26:40]} 7. Qc3
{[%clk 1:31:52]} Qb6 {[%clk 1:23:36]} 8. Nd2 {[%clk 1:31:02]} e6 {[%clk 1:18:36]}
9. Ngf3 {[%clk 1:27:47]} Ngf6 {[%clk 1:16:58]} 10. O-O {[%clk 1:26:56]} Bb4
{[%clk 1:11:09]} 11. Qc2 {[%clk 1:25:33]} O-O {[%clk 0:59:38]} 12. Nxc4
{[%clk 1:25:40]} Qb5 {[%clk 0:58:52]} 13. Qb3 {[%clk 1:22:10]} Nb6
{[%clk 0:48:48]} 14. Rfc1 {[%clk 1:14:36]} Rac8 {[%clk 0:47:35]} 15. a4
{[%clk 1:14:06]} 1-0

[Event "Open 35 - 2017 Principal"]
[Site "?"]
[Date "2017.07.11"]
[Round "5"]
[White "Seïte, Yamina"]
[Black "Bourgois, Bastien"]
[Result "0-1"]
[WhiteElo "1786"]
[BlackElo "2068"]
[PlyCount "96"]

1. e4 c5 2. Nc3 Nc6 3. Bb5 Nd4 4. Bc4 a6 5. d3 e6 6. Nf3 Nf6 7. O-O b5 8. Bb3
Nxb3 9. axb3 Bb7 10. Re1 Be7 11. h3 O-O 12. Qe2 d5 13. e5 Nd7 14. Bf4 Rc8 15.
Rad1 Qb6 16. d4 cxd4 17. Nxd4 Nc5 18. Qg4 Rfe8 19. Nce2 Nd7 20. Ng3 Nf8 21. Be3
Ng6 22. f4 Qd8 23. c3 b4 24. cxb4 Bxb4 25. Rf1 Rc7 26. Nh5 Qh4 27. f5 Qxg4 28.
hxg4 exf5 29. gxf5 Nxe5 30. f6 g6 31. Ng7 Rec8 32. Bf4 Nc6 33. Bxc7 Rxc7 34.
Rde1 Nxd4 35. Re8+ Bf8 36. Rf4 Ne6 37. Nxe6 fxe6 38. Rxe6 Kf7 39. Re2 Bd6 40.
Rf3 d4 41. Rf1 Bb4 42. Ref2 d3 43. Kh1 Rd7 44. Rf4 a5 45. Rd1 d2 46. Kg1 Bc5+
47. Kh1 Rd3 48. Rh4 Bd5 0-1

[Event "Open 35 - 2017 Principal"]
[Site "?"]
[Date "2017.07.11"]
[Round "5"]
[White "Sauvaget, Franck"]
[Black "Letemple, Frédéric"]
[Result "1-0"]
[WhiteElo "2065"]
[BlackElo "1937"]
[PlyCount "81"]

1. d4 Nf6 2. Nf3 g6 3. c4 Bg7 4. Nc3 O-O 5. e4 d6 6. h3 e5 7. d5 a5 8. Bg5 h6
9. Be3 Na6 10. g4 Nc5 11. Nd2 Nh7 12. Rg1 Kh8 13. Nb3 Nxb3 14. axb3 f5 15. gxf5
gxf5 16. exf5 Bxf5 17. Qd2 Qh4 18. O-O-O Ng5 19. Be2 Ne4 20. Nxe4 Qxe4 21. Qc3
Qb1+ 22. Kd2 Qe4 23. Rg3 Bh7 24. Rdg1 Rf7 25. Bh5 Re7 26. Bg6 Bxg6 27. Rxg6 Kh7
28. R6g4 Qf5 29. R1g3 b6 30. Ke2 Rf8 31. Qd2 Rff7 32. Rh4 Kh8 33. Rg2 Qf3+ 34.
Kf1 Rf6 35. Kg1 Kh7 36. Bg5 Rg6 37. Rg3 Rxg5 38. Rxg5 Bf6 39. Rg3 Rg7 40. Qxh6+
Kg8 41. Qxg7+ 1-0

[Event "Open 35 - 2017 Principal"]
[Site "?"]
[Date "2017.07.11"]
[Round "5"]
[White "Bordais, Benjamin"]
[Black "Ferret-Léger, Gaspard"]
[Result "1/2-1/2"]
[WhiteElo "2114"]
[BlackElo "1897"]
[Annotator "Doe,John"]
[PlyCount "67"]

1. e4 e5 2. Nf3 Nc6 3. d4 exd4 4. Nxd4 Bc5 5. Nb3 Bb6 6. Bb5 Nge7 7. Nc3 a6 8.
Be2 O-O 9. O-O d6 10. Bg5 h6 11. Bh4 g5 12. Bg3 Ba7 13. Kh1 f5 14. f4 Ng6 15.
fxg5 Qxg5 16. Qd5+ Kh8 17. exf5 Bxf5 18. Ne4 Bxe4 19. Qxe4 Rfe8 20. Qg4 Re3 21.
Bf2 Re7 22. Bxa7 Nxa7 23. Qxg5 hxg5 24. Bf3 Nc6 25. c3 Rae8 26. Rad1 Nh4 27.
Bh5 Rg8 28. g3 Ng6 29. Kg2 Kg7 30. Bf3 Rf8 31. Bxc6 Re2+ 32. Kg1 bxc6 33. Rxf8
Kxf8 34. Rd2 {(=)} 1/2-1/2

[Event "Open 35 - 2017 Principal"]
[Site "?"]
[Date "2017.07.11"]
[Round "5"]
[White "Van Kempen, Roderick"]
[Black "Troubat, Alexandre"]
[Result "1/2-1/2"]
[WhiteElo "2019"]
[BlackElo "1760"]
[Annotator "Doe,John"]
[PlyCount "49"]

1. e4 c5 2. c3 d5 3. exd5 Qxd5 4. d4 Nc6 5. Nf3 Bg4 6. Be2 cxd4 7. cxd4 e6 8.
O-O Nf6 9. Nc3 Qa5 10. h3 Bh5 11. Be3 Be7 12. Qb3 Qb4 13. Rfd1 Rd8 14. g4 Bg6
15. Bb5 O-O 16. Bxc6 bxc6 17. Qxb4 Bxb4 18. Ne5 Rc8 19. Nxg6 hxg6 20. Ne2 Nd5
21. Rac1 Bd6 22. Rc4 Rc7 23. Rdc1 Rfc8 24. Bd2 c5 25. dxc5 {(=)} 1/2-1/2

[Event "Open 35 - 2017 Principal"]
[Site "?"]
[Date "2017.07.11"]
[Round "5"]
[White "Tardi, Oscar"]
[Black "Ruhlmann, Hélène"]
[Result "0-1"]
[WhiteElo "1900"]
[BlackElo "1861"]
[Annotator "Doe,John"]
[PlyCount "134"]

1. e4 e5 2. Nf3 Nf6 3. Nc3 Bb4 4. Nd5 Nxd5 5. exd5 e4 6. c3 exf3 7. Qxf3 Be7 8.
Bc4 d6 9. d4 O-O 10. Bd3 Nd7 11. h4 Re8 12. Be3 Nf6 13. Kd2 Qd7 14. Rag1 Qg4
15. h5 g6 16. hxg6 fxg6 17. Bh6 Bf5 18. Bb5 Qxf3 19. gxf3 Rec8 20. Re1 Bf8 21.
Bg5 Nd7 22. Re6 c6 23. Bd3 Bxe6 24. dxe6 Nb6 25. f4 Nd5 26. f5 {(=)} Re8 27. c4
Nc7 28. d5 cxd5 29. cxd5 gxf5 30. Rg1 Nxe6 31. dxe6 Rxe6 32. Bxf5 {(=)} Ree8
33. Be3+ Bg7 34. Bd4 Re7 35. f4 Rf8 36. Be6+ Kh8 37. Bxg7+ Rxg7 38. Rf1 Rg2+
39. Kc3 Rg6 40. Bd5 Rgf6 41. Bxb7 Rxf4 42. Rh1 Kg7 43. b3 Rh8 44. Kd3 h5 45.
Ke3 Rf6 46. Rh4 Kg6 47. Ra4 Re8+ 48. Kd4 Kg5 49. Rxa7 Re7 50. Ra5+ Rf5 51.
Rxf5+ Kxf5 52. Bf3 h4 53. a4 Kf4 54. Bg2 h3 55. Bh1 Re1 56. Bb7 h2 57. b4 Rd1+
58. Kc4 d5+ 59. Bxd5 Rxd5 60. Kxd5 h1=Q+ 61. Kc5 Ke5 62. a5 Qc1+ 63. Kb6 Qc4
64. b5 Kd6 65. Ka6 Kc5 66. Ka7 Kxb5 67. a6 Qc7+ 0-1

[Event "Open 35 - 2017 Principal"]
[Site "?"]
[Date "2017.07.12"]
[Round "6"]
[White "Théon, Pierre"]
[Black "Marie, Xavier"]
[Result "1/2-1/2"]
[WhiteElo "2150"]
[BlackElo "1851"]
[Annotator "Doe,John"]
[PlyCount "101"]
[SourceDate "2017.07.12"]

1. e4 e6 2. d4 d5 3. Nc3 Bb4 4. Nge2 Nc6 5. a3 Ba5 6. b4 Bb6 7. Bb2 Nf6 8. e5
Nd7 9. Na4 f6 10. Nf4 Nf8 11. Nxb6 cxb6 12. Qh5+ g6 13. Qh6 Qe7 14. exf6 Qxf6
15. O-O-O Bd7 16. h4 O-O-O 17. Rh3 Ne7 18. Nd3 Nf5 19. Qf4 Qe7 20. Ne5 Nd6 21.
Kb1 Be8 22. c4 Nd7 23. c5 Nc4 24. Bxc4 Rf8 25. Qg3 Nxe5 26. Qxe5 dxc4 27. cxb6
axb6 28. Qe2 b5 29. Bc1 Rd5 30. Bg5 Qd6 31. Qe4 e5 32. Rf3 Rxf3 33. Qxf3 Rxd4
34. Rxd4 exd4 35. Bf4 Qc6 36. Qe2 Bd7 37. Qe5 Bf5+ 38. Kc1 d3 39. Qh8+ Kd7 40.
Qxh7+ Kc8 41. Qg8+ Kd7 42. Qf7+ Kc8 43. Qf8+ Kd7 44. Qg7+ Kc8 45. Kd2 Bd7 46.
Qe5 Kd8 47. f3 Qe6 48. Bg5+ Kc8 49. Qc5+ Bc6 50. Be3 Qf6 51. Qd4 {(=)} 1/2-1/2

[Event "Open 35 - 2017 Principal"]
[Site "?"]
[Date "2017.07.12"]
[Round "6"]
[White "Rider, Palmer"]
[Black "Bordais, Benjamin"]
[Result "0-1"]
[WhiteElo "1847"]
[BlackElo "2114"]
[PlyCount "56"]

1. e4 c6 2. d4 d5 3. e5 Bf5 4. Ne2 e6 5. Ng3 Bg6 6. h4 h6 7. h5 Bh7 8. Bd3 Bxd3
9. cxd3 Qb6 10. Be3 Nd7 11. Nd2 c5 12. Nb3 Qb4+ 13. Bd2 Qb5 14. Qe2 cxd4 15.
O-O Ne7 16. f4 Nc6 17. Kh1 Bb4 18. Bxb4 Qxb4 19. Rac1 O-O 20. Rxc6 bxc6 21. f5
Qb8 22. Re1 Qd8 23. Qg4 Qg5 24. Qxg5 hxg5 25. fxe6 fxe6 26. Nxd4 Rf2 27. Nxe6
Re8 28. Nxg5 Rxe5 0-1

[Event "Open 35 - 2017 Principal"]
[Site "?"]
[Date "2017.07.12"]
[Round "6"]
[White "Jackson, Thomas"]
[Black "Seïte, Sullian"]
[Result "1-0"]
[WhiteElo "2043"]
[BlackElo "1886"]
[PlyCount "121"]

1. d4 Nf6 2. Bg5 c5 3. Bxf6 gxf6 4. d5 Qb6 5. Qc1 f5 6. g3 Bg7 7. c3 Na6 8. Bg2
Nc7 9. Nh3 Qd6 10. Na3 Rb8 11. Nc4 Qf6 12. d6 Ne6 13. dxe7 Qxe7 14. Qd2 O-O 15.
Qd6 Qxd6 16. Nxd6 b5 17. Nxf5 Bf6 18. O-O-O d5 19. Bxd5 Nd4 20. g4 Nxf5 21.
gxf5 Bxf5 22. Rhg1+ Kh8 23. Ng5 Bg6 24. e3 c4 25. Ne4 Bxe4 26. Bxe4 b4 27. Rd6
Bg7 28. Kc2 b3+ 29. Kb1 bxa2+ 30. Kxa2 Rb5 31. Rd5 Rfb8 32. Rxb5 Rxb5 33. Rd1
Bf6 34. Rd5 Rxd5 35. Bxd5 Kg7 36. Bxc4 Bh4 37. f3 h6 38. Kb3 Bf2 39. e4 f6 40.
f4 Kg6 41. e5 f5 42. Bd3 Be3 43. e6 Kf6 44. Bxf5 Bxf4 45. h3 h5 46. Kc4 Bg5 47.
Kd5 Kxf5 48. Kd6 Kf4 49. e7 Bxe7+ 50. Kxe7 Ke4 51. Kd6 Kd3 52. Kd5 Kc2 53. c4
Kxb2 54. c5 a5 55. c6 a4 56. c7 a3 57. c8=Q a2 58. Qb8+ Kc2 59. Qe5 Kb1 60.
Qxh5 a1=Q 61. Qd1+ 1-0

[Event "Open 35 - 2017 Principal"]
[Site "?"]
[Date "2017.07.12"]
[Round "6"]
[White "Mercier, Jean-Loup"]
[Black "Van Kempen, Roderick"]
[Result "1/2-1/2"]
[WhiteElo "1665"]
[BlackElo "2019"]
[PlyCount "108"]

1. b3 d5 2. Bb2 Bf5 3. Nf3 e6 4. e3 Nd7 5. d4 Ngf6 6. Bd3 Bg6 7. Nbd2 Ne4 8.
O-O Be7 9. Qe2 O-O 10. c4 c5 11. Rac1 f5 12. Rc2 Bh5 13. Qd1 cxd4 14. exd4 Bd6
15. Be2 b6 16. Nxe4 fxe4 17. Ne5 Bxe2 18. Qxe2 Bxe5 19. dxe5 Qg5 20. Qd2 Qf5
21. cxd5 e3 22. Qe2 exf2+ 23. Rxf2 Qxf2+ 24. Qxf2 Rxf2 25. Kxf2 exd5 26. Rc7
Nc5 27. Ke2 a5 28. Rc6 Re8 29. Rxb6 Nd7 30. Rb5 Nxe5 31. Bxe5 Rxe5+ 32. Kd3 Kf7
33. Rxa5 Ke6 34. Rc5 Re1 35. Rc2 Kd6 36. Rb2 Rd1+ 37. Ke2 Rh1 38. h3 Ke5 39.
Rd2 Rc1 40. Kd3 Rb1 41. Kc2 Re1 42. a3 Re3 43. Kb2 d4 44. b4 Ke4 45. Rc2 Kd3
46. b5 Re5 47. a4 Ke3 48. Kc1 d3 49. Rd2 Rc5+ 50. Kd1 Rf5 51. Ke1 Rf1+ 52. Kxf1
Kxd2 53. b6 Kc1 54. b7 d2 1/2-1/2

[Event "Open 35 - 2017 Principal"]
[Site "?"]
[Date "2017.07.12"]
[Round "6"]
[White "Damen, Igor"]
[Black "Seïte, Yamina"]
[Result "1-0"]
[WhiteElo "1997"]
[BlackElo "1786"]
[PlyCount "55"]

1. Nf3 d5 2. c4 e6 3. g3 Nf6 4. Bg2 Be7 5. O-O O-O 6. b3 d4 7. Bb2 c5 8. b4 Qb6
9. Qb3 Nc6 10. b5 Nb8 11. e3 dxe3 12. dxe3 a6 13. Nbd2 axb5 14. cxb5 Nbd7 15.
Nc4 Qd8 16. Rfd1 Nd5 17. Nfe5 Qc7 18. Nxd7 Bxd7 19. Be5 Qd8 20. e4 Nf6 21. Bxf6
Bxf6 22. e5 Bg5 23. Bxb7 Rb8 24. Bc6 Bxc6 25. Rxd8 Rfxd8 26. bxc6 Rxb3 27. axb3
g6 28. Nd6 1-0

[Event "Open 35 - 2017 Principal"]
[Site "?"]
[Date "2017.07.12"]
[Round "7"]
[White "Bourgois, Bastien"]
[Black "Bailet, Pierre"]
[Result "0-1"]
[WhiteElo "2068"]
[BlackElo "2525"]
[PlyCount "110"]
[SourceDate "2017.07.13"]

1. d4 Nf6 2. c4 d6 3. Nc3 Nbd7 4. e4 e5 5. Nf3 g6 6. Be2 Bg7 7. O-O O-O 8. Be3
Qe7 9. Qc2 c6 10. d5 c5 11. Rab1 Ne8 12. Ne1 f5 13. exf5 gxf5 14. f4 e4 15. g3
Ndf6 16. b4 b6 17. a4 Nc7 18. b5 a6 19. Ng2 Bd7 20. Bd2 a5 21. Be3 Kf7 22. Kf2
h5 23. Rh1 Rh8 24. Rbg1 Ng4+ 25. Ke1 Qf6 26. Nd1 Qa1 27. Bxg4 hxg4 28. h4 gxh3
29. Nh4 Ne8 30. Rxh3 Nf6 31. Rgh1 Ng4 32. Ng2 Rxh3 33. Rxh3 Rh8 34. Rxh8 Bxh8
35. Bd2 Bd4 36. Ke2 Kg8 37. Nge3 Nxe3 38. Bxe3 Be8 39. g4 Bg6 40. Bxd4 cxd4 41.
Ke1 Qa3 42. Qh2 Qb4+ 43. Kf1 Qxc4+ 44. Ke1 Qb4+ 45. Kf1 Qb1 46. Ke1 e3 47. Qh4
Qe4 48. Qd8+ Kf7 49. Qxd6 Qh1+ 50. Ke2 Qg2+ 51. Kd3 fxg4+ 52. Kxd4 Qe4+ 53. Kc3
Qc2+ 54. Kd4 Qd3+ 55. Ke5 Qe4# 0-1

[Event "Open 35 - 2017 Principal"]
[Site "?"]
[Date "2017.07.12"]
[Round "7"]
[White "Stéphan, Victor"]
[Black "Ruhlmann, Hélène"]
[Result "1-0"]
[WhiteElo "2352"]
[BlackElo "1861"]
[PlyCount "63"]

1. d4 d5 2. c4 dxc4 3. Nf3 Nf6 4. e3 a6 5. Bxc4 b5 6. Bb3 Bb7 7. O-O e6 8. Nc3
Nbd7 9. Qe2 Be7 10. e4 b4 11. e5 bxc3 12. exf6 Bxf6 13. bxc3 O-O 14. Rb1 Qc8
15. Ng5 Bxg5 16. Bxg5 Re8 17. Qg4 Nf8 18. Ba4 Rb8 19. Bxe8 Qxe8 20. Rb3 Bd5 21.
Rxb8 Qxb8 22. Qe2 Qa8 23. f3 Qc6 24. Qb2 Nd7 25. Rb1 f6 26. Bf4 e5 27. dxe5
Nxe5 28. Bxe5 fxe5 29. Re1 e4 30. fxe4 Bxe4 31. Qe2 Bg6 32. Qe6+ 1-0

[Event "Open 35 - 2017 Principal"]
[Site "?"]
[Date "2017.07.12"]
[Round "7"]
[White "Cotonnec, Melkior"]
[Black "Piankov, Evgenij"]
[Result "1/2-1/2"]
[WhiteElo "2320"]
[BlackElo "2249"]
[PlyCount "116"]

1. e4 c6 2. Nc3 d5 3. Nf3 Nf6 4. e5 Ne4 5. Nxe4 dxe4 6. Ng5 Qd5 7. Qe2 Bf5 8.
g4 Bg6 9. Bg2 Qxe5 10. Nxe4 Bxe4 11. Bxe4 Nd7 12. d3 e6 13. f4 Qd6 14. Bd2 Be7
15. O-O-O Nf6 16. Bg2 O-O 17. h4 Nd5 18. Rdf1 Rad8 19. h5 b5 20. g5 b4 21. Bh3
Rde8 22. Qe4 a5 23. Re1 Nc7 24. f5 exf5 25. Qxf5 Nd5 26. Bg2 Bd8 27. Be4 g6 28.
Qf2 Re7 29. Qh4 Rfe8 30. Ref1 Rb7 31. Rf3 a4 32. Rhf1 a3 33. hxg6 fxg6 34. Qh6
Rg7 35. bxa3 Qe5 36. Kd1 bxa3 37. Bxd5+ cxd5 38. Bb4 Be7 39. Bxe7 Qxe7 40. Qh2
Qb7 41. Qd6 Rge7 42. R3f2 Qd7 43. Qb4 Qe6 44. Qd4 Qe5 45. Qxe5 Rxe5 46. Rg2 Rb8
47. Rf4 Rb2 48. Ra4 Rxa2 49. Kd2 Re7 50. Kc3 Rc7+ 51. Kd4 Raxc2 52. Rxc2 Rxc2
53. Kxd5 Rg2 54. Ra8+ Kf7 55. Ra7+ Kf8 56. Ra8+ Ke7 57. Ra7+ Ke8 58. Ra8+ Ke7
1/2-1/2

[Event "Open 35 - 2017 Principal"]
[Site "?"]
[Date "2017.07.12"]
[Round "7"]
[White "Wilschut, Peter"]
[Black "Jackson, Thomas"]
[Result "1-0"]
[WhiteElo "2259"]
[BlackElo "2043"]
[PlyCount "35"]

1. c4 Nf6 2. Nc3 e6 3. e4 c5 4. f4 d6 5. d3 Nc6 6. Nf3 Be7 7. g3 a6 8. Bg2 Rb8
9. O-O Qc7 10. h3 b5 11. b3 Nd7 12. Be3 Bf6 13. Rc1 Nd4 14. cxb5 Qa5 15. e5
dxe5 16. Ne4 Qxa2 17. Bxd4 cxd4 18. Ra1 1-0

[Event "Open 35 - 2017 Principal"]
[Site "?"]
[Date "2017.07.12"]
[Round "7"]
[White "Bordais, Benjamin"]
[Black "Troubat, Alexandre"]
[Result "1-0"]
[WhiteElo "2114"]
[BlackElo "1760"]
[PlyCount "67"]

1. e4 c5 2. Nf3 d6 3. d4 cxd4 4. Nxd4 Nf6 5. Nc3 g6 6. g3 Bg7 7. Bg2 O-O 8. O-O
Nc6 9. Nde2 Be6 10. Nd5 Qa5 11. Bd2 Qa4 12. b3 Qa3 13. Nxf6+ Bxf6 14. Bc3 Bxc3
15. Nxc3 Rfc8 16. Ne2 b5 17. Nf4 Qc5 18. Nxe6 fxe6 19. e5 Qxe5 20. Re1 Qf6 21.
Qg4 Kf7 22. Rad1 Rab8 23. Bxc6 Rxc6 24. Rd3 Rc5 25. Rde3 Re5 26. Rxe5 dxe5 27.
Re3 h5 28. Qe2 Qg5 29. Rxe5 Qc1+ 30. Kg2 Rb6 31. Rc5 a6 32. Qf3+ Kg7 33. Rc8
Qb2 34. c3 1-0

[Event "Open 35 - 2017 Principal "]
[Site "?"]
[Date "2017.07.12"]
[Round "7"]
[White "Sauvaget, Franck"]
[Black "Ferret-Léger, Gaspard"]
[Result "1-0"]
[WhiteElo "2065"]
[BlackElo "1897"]
[PlyCount "51"]

1. Nf3 Nf6 2. c4 b6 3. d4 e6 4. Nc3 Bb7 5. a3 d5 6. cxd5 Nxd5 7. Qc2 Nxc3 8.
bxc3 Nd7 9. e4 c5 10. Bd3 Rc8 11. Qe2 Be7 12. O-O O-O 13. Re1 cxd4 14. cxd4 Re8
15. Bb5 Rf8 16. Bb2 Rc7 17. Rad1 Bf6 18. a4 Qa8 19. Ba3 Rfc8 20. Bd6 Rc2 21.
Qe3 R8c3 22. Rd3 Rxd3 23. Qxd3 Bxe4 24. Qxe4 Qxe4 25. Rxe4 Nf8 26. Re1 1-0

[Event "Open 35 - 2017 Principal"]
[Site "?"]
[Date "2017.07.12"]
[Round "7"]
[White "Neau, Julien"]
[Black "Damen, Igor"]
[Result "1-0"]
[WhiteElo "1930"]
[BlackElo "1997"]
[PlyCount "53"]

1. d4 f5 2. Nf3 Nf6 3. g3 g6 4. c4 Bg7 5. Bg2 O-O 6. b4 d6 7. Bb2 Ne4 8. O-O
Nd7 9. Nbd2 e6 10. Nxe4 fxe4 11. Nd2 d5 12. cxd5 exd5 13. Qb3 Nb6 14. Bxe4 Bh3
15. Bg2 Bxg2 16. Kxg2 Kh8 17. e4 dxe4 18. Nxe4 Nd5 19. Nc5 Qd6 20. Rac1 b6 21.
Nd3 Rad8 22. b5 Qd7 23. Ne5 Qf5 24. Qc2 Qh5 25. Qe4 Rf5 26. g4 Qg5 27. Qxf5 1-0

[Event "Open 35 - 2017 Principal"]
[Site "?"]
[Date "2017.07.12"]
[Round "7"]
[White "Marie, Xavier"]
[Black "Durand Le Ludec, Brendan-Budok"]
[Result "0-1"]
[WhiteElo "1851"]
[BlackElo "2184"]
[PlyCount "98"]

1. d4 Nf6 2. c4 g6 3. Nc3 Bg7 4. e4 d6 5. Nf3 O-O 6. Be2 c5 7. O-O Nc6 8. d5
Na5 9. Bg5 h6 10. Bd2 e5 11. a3 b6 12. b4 Nb7 13. Qc1 Kh7 14. Ne1 Nd7 15. Qc2
f5 16. exf5 gxf5 17. g4 e4 18. gxf5 Ne5 19. f3 Bxf5 20. fxe4 Bh3 21. Rxf8 Qxf8
22. Ng2 Nf3+ 23. Kh1 Nxd2 24. Qxd2 Qf2 25. Nf4 Be5 26. Qd3 Bd7 27. Rf1 Qh4 28.
h3 Bxf4 29. e5+ Kh8 30. e6 Rg8 31. Qf5 Be5 32. Bd3 Qe7 33. exd7 Bxc3 34. Qh5
Qg5 35. Qxg5 hxg5 36. Rf7 Rd8 37. Re7 Kg8 38. bxc5 bxc5 39. Bc2 Kf8 40. Rh7 Bg7
41. Ba4 Na5 42. Bb5 a6 43. Bxa6 Rxd7 44. h4 g4 45. Rh5 Rf7 46. Rg5 Rf4 47. Rg6
Be5 48. Bc8 Nxc4 49. Bxg4 Rf1+ 0-1

[Event "Open 35 - 2017 Principal"]
[Site "?"]
[Date "2017.07.12"]
[Round "7"]
[White "Aloë, Kévin"]
[Black "Théon, Pierre"]
[Result "0-1"]
[WhiteElo "1770"]
[BlackElo "2150"]
[PlyCount "54"]

1. c4 e5 2. g3 Nc6 3. Bg2 f5 4. d3 Nf6 5. Nc3 Bb4 6. a3 Bxc3+ 7. bxc3 O-O 8.
Qb3 Kh8 9. c5 b6 10. cxb6 axb6 11. Nf3 Qe8 12. d4 Bb7 13. O-O exd4 14. cxd4
Qxe2 15. Ra2 Na5 16. Rxe2 Nxb3 17. Rc2 Bxf3 18. Bxf3 Nxd4 19. Bxa8 Nxc2 20. Bg2
Re8 21. Bh3 g6 22. Bb2 Kg7 23. Rc1 Re1+ 24. Rxe1 Nxe1 25. Bf1 d5 26. Bb5 c5 27.
Be5 Nf3+ 0-1